000 00685nam a2200229Ia 4500
001 10177
003 GE_BSU
008 181216s||||||||xx |||||||||||||| ||und||
040 _cGE_BSU
080 _a821.353.1+821.353.1-1
100 _aტაბიძე,გალაქტიონ
245 _aთხზულებანი ტ.8
245 _bლექსები
245 _cრედ.რ.ორჯონიკიძე
260 _aთბილისი
260 _bსახელგამი
260 _c1957
300 _a292გვ.1ფ.პორტრ.18სმ.
653 _aთხზულებანი
653 _aლექსები
942 _cBK
999 _c43447
_d43447